000
00237nam a2200097Ia 4500
005
20251222114342.0
008
251222s1900||||xx |||||||||||||| ||spa||
082
_a
DVD0070/H86/1981
245
0
_a
Chariots of Fire:Carrozas de fuego
942
_c
DVD
999
_c
910
_d
910